|
|
|
|
| LEADER |
00000nam a2200000Ii 4500 |
| 001 |
DIGEPUJ0267 |
| 003 |
NyNyDIG |
| 006 |
m o d |
| 007 |
cr ||||||||||| |
| 008 |
211013s2019 ck a o 000 0 spa d |
| 035 |
|
|
|a (OCoLC)1110056519
|
| 040 |
|
|
|a DGITA
|b eng
|e rda
|e pn
|c DGITA
|
| 020 |
|
|
|z 9789587813715
|
| 050 |
1 |
4 |
|a BX3701 ebook
|
| 082 |
0 |
4 |
|a 255.53
|
| 245 |
0 |
0 |
|a Testigo del siglo XX :
|b textos escogidos de Pedro Arrupe, S.J. /
|c compilador, Roberto Vela Mantilla.
|
| 246 |
3 |
0 |
|a Textos escogidos de Pedro Arrupe, S.J.
|
| 250 |
|
|
|a Primera edición.
|
| 264 |
|
1 |
|a Bogotá D.C. :
|b Editorial Pontificia Universidad Javeriana,
|c [2019]
|
| 300 |
|
|
|a 1 online resource :
|b illustrations.
|
| 336 |
|
|
|a text
|b txt
|2 rdacontent
|
| 337 |
|
|
|a computer
|b c
|2 rdamedia
|
| 338 |
|
|
|a online resource
|b cr
|2 rdacarrier
|
| 347 |
|
|
|a text file
|2 rdaft
|
| 347 |
|
|
|b EPUB
|
| 490 |
1 |
|
|a Colección Clásicos ignacianos ;
|v 5
|
| 588 |
0 |
|
|a Online resource; title from ePub title page (Digitalia, viewed October 13, 2021)
|
| 600 |
1 |
0 |
|a Arrupe, Pedro,
|d 1907-1991
|x Collected works.
|
| 600 |
1 |
0 |
|a Arrupe, Pedro,
|d 1907-1991
|x Criticism and interpretation.
|
| 610 |
2 |
0 |
|a Jesuits
|x Spiritual life
|x Collected works.
|
| 650 |
|
0 |
|a Spiritual life
|x Collected works.
|
| 655 |
|
0 |
|a Electronic books.
|
| 700 |
1 |
|
|a Vela Mantilla, Roberto
|e editor.
|
| 791 |
2 |
|
|a Digitalia (Firm),
|e distributor.
|
| 793 |
0 |
|
|g Digitalia eBook Collection:
|a Pontificia Universidad Javeriana
|
| 776 |
0 |
8 |
|i Print version:
|t Testigo del siglo XX.
|b Primera edición.
|d Bogotá D.C. : Editorial Pontificia Universidad Javeriana, [2019]
|z 9789587813715
|
| 830 |
|
0 |
|a Colección Clásicos ignacianos ;
|v 5.
|
| 856 |
4 |
0 |
|3 Digitalia Hispánica
|u https://www.digitaliapublishing.com/a/68887/
|
| 910 |
|
|
|a Premium collection: 2021
|